En la arena /

Guardado en:
Autor Principal: Aldiss, Brian W.
Otros Autores: Kyle, David A., Laumer, Keith, Niven, Larry, Pohl, Frederik, Davolio, Cristina, trad.
Formato: Libro
Publicado: Buenos Aires : Kyrios, 1978
Series:Libros de ciencia ficción
Materias:
Etiquetas: Agregar Etiqueta
Sin Etiquetas, Sea el primero en etiquetar este registro!
LEADER 01018nam a22002895a 4500
001 CEM.cems000419
005 20061109172504.0
008 130507s1978##################000#0#####d
003 CEMS
082 0 4 |a 828.9 
100 1 |a Aldiss, Brian W. 
245 1 0 |a En la arena /  |c Brian W. Aldiss ; traducción Al Castellano Por Cristina Davaolio 
260 |a Buenos Aires :  |b Kyrios,  |c 1978 
300 |a 151 p. 
490 0 |a Libros de ciencia ficción 
505 0 |a En la arena / Brian W. Aldiss -- Juguetes para Debbie / David A. Kyle -- La floresta del cielo / Keith Laumer -- En el núcleo de la galaxia / Larry Niven -- Bajo dos lunas / Frederik Pohl 
653 |a Literatura 
653 |a Literatura inglesa 
653 |a Cuentos 
653 |a Cuentos ingleses 
653 |a Cuentos ciencia ficción 
700 1 |a Kyle, David A. 
700 1 |a Laumer, Keith 
700 1 |a Niven, Larry 
700 1 |a Pohl, Frederik 
700 1 |a Davolio, Cristina, trad. 
859 |a CEMS  |b BIB. CEMS - 11 de abril  |h 828.9  |i AL23  |p 16027.90  |t Ej.1